Design with Adobe Creative Cloud : (Record no. 19630)
[ view plain ]
| 000 -LEADER | |
|---|---|
| fixed length control field | 01205cam a22003015a 4500 |
| 001 - CONTROL NUMBER | |
| control field | 18203205 |
| 005 - DATE AND TIME OF LATEST TRANSACTION | |
| control field | 20160823123809.0 |
| 008 - FIXED-LENGTH DATA ELEMENTS--GENERAL INFORMATION | |
| fixed length control field | 140627t2014 caua fr 001 0 eng d |
| 020 ## - INTERNATIONAL STANDARD BOOK NUMBER | |
| International Standard Book Number | 0321940512 (pbk.) |
| 020 ## - INTERNATIONAL STANDARD BOOK NUMBER | |
| International Standard Book Number | 9780321940513 (pbk.) |
| 040 ## - CATALOGING SOURCE | |
| Original cataloging agency | DLC |
| Language of cataloging | eng |
| Transcribing agency | DLC |
| Modifying agency | EG-ScBUE |
| -- | EG-ScBUE |
| 082 04 - DEWEY DECIMAL CLASSIFICATION NUMBER | |
| Classification number | 006.78 |
| Edition number | 22 |
| Item number | CHA |
| 100 1# - MAIN ENTRY--PERSONAL NAME | |
| Personal name | Chavez, Conrad. |
| 9 (RLIN) | 38174 |
| 245 10 - TITLE STATEMENT | |
| Title | Design with Adobe Creative Cloud : |
| Remainder of title | basic projects using Photoshop, InDesign, Muse, and more / |
| Statement of responsibility, etc | [writer Conrad Chavez] |
| 260 ## - PUBLICATION, DISTRIBUTION, ETC. (IMPRINT) | |
| Place of publication, distribution, etc | San Jose : |
| Name of publisher, distributor, etc | Adobe Press books / Peachipt / Pearson Education, |
| Date of publication, distribution, etc | c.2014. |
| 300 ## - PHYSICAL DESCRIPTION | |
| Extent | vi, 311 p. : |
| Other physical details | ill. (col.) ; |
| Dimensions | 24 cm. |
| 490 0# - SERIES STATEMENT | |
| Series statement | Classroom in a book. |
| 500 ## - GENERAL NOTE | |
| General note | Index : p. 300-311. |
| 500 ## - GENERAL NOTE | |
| General note | Access to lesson files, online resources that will help you learn more about Adobe software requires an access code. |
| 630 00 - SUBJECT ADDED ENTRY--UNIFORM TITLE | |
| Uniform title | Adobe Creative Suite. |
| Source of heading or term | BUEsh |
| 650 #7 - SUBJECT ADDED ENTRY--TOPICAL TERM | |
| Topical term or geographic name as entry element | Computer graphics. |
| Source of heading or term | BUEsh |
| 9 (RLIN) | 3615 |
| 650 #7 - SUBJECT ADDED ENTRY--TOPICAL TERM | |
| Topical term or geographic name as entry element | Web sites |
| General subdivision | Authoring programs. |
| Source of heading or term | BUEsh |
| 9 (RLIN) | 5594 |
| 650 #7 - SUBJECT ADDED ENTRY--TOPICAL TERM | |
| Topical term or geographic name as entry element | Desktop publishing. |
| Source of heading or term | BUEsh |
| 9 (RLIN) | 40806 |
| 650 #7 - SUBJECT ADDED ENTRY--TOPICAL TERM | |
| Topical term or geographic name as entry element | Graphic arts |
| General subdivision | Computer programs. |
| Source of heading or term | BUEsh |
| 9 (RLIN) | 40807 |
| 651 ## - SUBJECT ADDED ENTRY--GEOGRAPHIC NAME | |
| Source of heading or term | BUEsh |
| 653 ## - INDEX TERM--UNCONTROLLED | |
| Resource For college | Communication and mass media |
| -- | Informatics and Computer Science |
| Arrived date list | June2015 |
| -- | August 2016 |
| 942 ## - ADDED ENTRY ELEMENTS (KOHA) | |
| Source of classification or shelving scheme | Dewey Decimal Classification |
| Call number prefix | 006.78 CHA |
| Withdrawn status | Lost status | Source of classification or shelving scheme | Damaged status | Not for loan | Koha collection | Home library | Current library | Shelving location | Date acquired | Source of acquisition | Cost, normal purchase price | Serial Enumeration / chronology | Total Checkouts | Total Renewals | Full call number | Barcode | Date last seen | Date last borrowed | Cost, replacement price | Koha item type |
|---|---|---|---|---|---|---|---|---|---|---|---|---|---|---|---|---|---|---|---|---|
| Dewey Decimal Classification | Alahram | Central Library | Central Library | Lower Floor | 14/06/2015 | 450.00 | 308 | 3 | 11 | 006.78 CHA | 000038651 | 15/07/2025 | 26/09/2017 | 562.50 | Book - Borrowing | |||||
| Dewey Decimal Classification | Baccah | Central Library | Central Library | Lower Floor | 23/08/2016 | Purchase | 420.00 | 006.78 CHA | 000033307 | 15/07/2025 | NB - Book (Non borrowing) | |||||||||
| Dewey Decimal Classification | Baccah | Central Library | Central Library | Lower Floor | 23/08/2016 | Purchase | 4 | 15 | 006.78 CHA | 000033306 | 15/07/2025 | 09/10/2018 | Book - Borrowing | |||||||
| Dewey Decimal Classification | Baccah | Central Library | Central Library | Lower Floor | 23/08/2016 | Purchase | 4 | 4 | 006.78 CHA | 000033305 | 15/07/2025 | 02/07/2017 | Book - Borrowing |